000 01150nam a22001577a 4500
999 _c520667
_d520667
008 220930b ||||| |||| 00| 0 eng d
100 _aStephens Jr, Melvin and Toohey, Desmond
_934708
245 _aThe impact of health on labor market outcomes: Evidence from a large-scale health experiment
260 _aThe American Economic Review
300 _a14(3), Jul, 2022: p.367-399
520 _aWhile economists have posited that health investments increase earnings, isolating the causal effect of health is challenging due to reverse causality and unobserved heterogeneity. We examine the labor market effects of a randomized controlled trial, the Multiple Risk Factor Intervention Trial (MRFIT), which monitored nearly 13,000 men for over six years. We find that this intervention, which provided a bundle of treatments to reduce coronary heart disease mortality, increased earnings and family income. We find few differences in estimated gains by baseline health and occupation characteristics. – Reproduced
650 _aLabour health
_934709
773 _aThe American Economic Review
906 _aLABOUR MARKETS
942 _cAR